مكتبة جامعة عجلون الوطنية

فهرس بحث المكتبة

Normal view MARC view
  • العبادات- المذاهب الاربعة

Entry Topical Term

Number of records used in: 1

001 - CONTROL NUMBER

  • control field: 7046

003 - CONTROL NUMBER IDENTIFIER

  • control field: JO-AjAnu

005 - DATE AND TIME OF LATEST TRANSACTION

  • control field: 20230606071436.0

008 - FIXED-LENGTH DATA ELEMENTS

  • fixed length control field: 230606|| aca||aabn | a|a d

040 ## - CATALOGING SOURCE

  • Original cataloging agency: JO-AjAnu
  • Transcribing agency: JO-AjAnu

150 ## - HEADING--TOPICAL TERM

  • Topical term or geographic name entry element: العبادات- المذاهب الاربعة

670 ## - SOURCE DATA FOUND

  • Source citation: Work cat.: (JO-AjAnu)3648: بدران، بدران أبو العينين, author 7045, العبادات الإسلامية مقارنة على المذاهب الأربعة :الصلاة - الصوم - الزكاة - الحج